| 000 | 01332cam a22002174a 4500 | ||
|---|---|---|---|
| 005 | 20250605164047.0 | ||
| 008 | 250528s ||||||||||||||||||||||||d | ||
| 035 | _a17150 | ||
| 020 | _a130657808 | ||
| 040 |
_aGR-AtMCL _bgre _dGR-AtMCL _eAACR2 |
||
| 245 | 1 | _aBasic Business Statistics / Concepts and Applications | |
| 250 | _a5th | ||
| 260 |
_bPrentice Hall International, _c1992 |
||
| 300 | _a960 | ||
| 520 | _aPreface, Introduction, Data Collection, Describing and Summarizing Data, Data Presentation, Using the Computer for Descriptive Statistical Analysis, Basic Probability, Some Important Discrete Probability Distributions, The Normal Distribution, Sampling Distributions, Estimation, Hypothesis Testing I: Introduction and Concepts, Hypothesis Testing II: Differences Between Quantitative Variables, Hypothesis Testing III: Differences Between Proportions and Other Chi-Square Tests, The Analysis of Variance, Nonparametric Methods, The Simple Linear Regression Model and Correlation, Multiple Regression Models, Index Numbers and Time Series and Business Forecasting, Statistical Applications in Quality and Productivity Management, Answers to Selected Problems, Appendices, Index. | ||
| 700 | 1 |
_aBerenson Mark L. _93298 |
|
| 700 | 1 |
_aLevine David M _93299 |
|
| 942 | _cBK | ||
| 999 |
_c2589 _d2589 |
||